| 000 | 00342nam a2200121Ia 4500 | ||
|---|---|---|---|
| 008 | 210430s9999 xx 000 0 und d | ||
| 082 | _a621.408 A6131 C | ||
| 100 |
_aKalyan Annamalai _954324 |
||
| 245 |
_aCombustioion Science and Engineering _cKalyan Annamalai |
||
| 260 |
_aNew york _bCRC Press _c2007 |
||
| 300 | _a1121 p | ||
| 942 |
_cBK _2ddc |
||
| 999 |
_c564880 _d564880 |
||